| 000 | 00430nam a2200169Ia 4500 | ||
|---|---|---|---|
| 005 | 20250312092717.0 | ||
| 008 | 231217s9999 xx 000 0 und d | ||
| 020 | _a9788131502075 | ||
| 082 | _a658.8 JAI;3 | ||
| 100 | _aJain, Subhash C | ||
| 245 | 0 | _aMarketing planning and strategy | |
| 250 | _a7th ed. | ||
| 260 |
_c2004 _bLearning _aThomson |
||
| 300 | _axvii+935 | ||
| 650 | _aMarketing,planning,strategy | ||
| 942 | _cAA | ||
| 999 |
_c179518 _d179518 |
||